Czechy
| Titel: | Czechy : to nevymyslíš / Aleksander Kaczorowski |
|---|---|
| Verfasser: | |
| Ausgabe: | Vydání první |
| Veröffentlicht: | Praha : N media, 2024 |
| Umfang: | 234 Seiten : Illustrationen ; 20 cm |
| Format: | Buch |
| Sprache: | Tschechisch |
| RVK-Notation: | |
| ISBN: | 9788088433453 |
| Hinweise zum Inhalt: |
Inhaltsverzeichnis
Buch Bibliographie Cover Abstract |
alg: 51869319 001A $03004:28-05-24 001B $01999:04-12-25 $t22:14:20.000 001D $03004:01-07-24 001U $0utf8 001X $00 002@ $0Aau 002C $aText $btxt $2rdacontent 002D $aohne Hilfsmittel zu benutzen $bn $2rdamedia 002E $aBand $bnc $2rdacarrier 003@ $0518693198 004A $A978-80-88433-45-3 007A $0518693198 $aHEB 007G $0DE020AF4DB9EBFDE48574C1258B5500493C46 009P $qapplication/pdf $A2 $3Inhaltsverzeichnis $uhttp://scans.hebis.de/HEBCGI/show.pl?51869319_toc.pdf $mV:DE-603;B:DE-Mb50 009P $qapplication/pdf $A2 $3Buch Bibliographie $uhttp://scans.hebis.de/HEBCGI/show.pl?51869319_bib.pdf $mV:DE-603;B:DE-Mb50 009P $qapplication/pdf $A2 $3Cover $uhttp://scans.hebis.de/HEBCGI/show.pl?51869319_cov.pdf $mV:DE-603;B:DE-Mb50 009P $qapplication/pdf $A2 $3Abstract $uhttp://scans.hebis.de/HEBCGI/show.pl?51869319_sum.pdf $mV:DE-603;B:DE-Mb50 010@ $acze 010E $erda 011@ $a2024 $n2024 021A $aCzechy $dto nevymyslíš $hAleksander Kaczorowski 028A $BVerfasser $4aut $71023914093 $8Kaczorowski, Aleksander$Z1969- [Tp3] $930399987X 032@ $aVydání první 033A $pPraha $nN media 034D $a234 Seiten 034I $a20 cm 034M $aIllustrationen 037A $aLiteraturverzeichnis: Seite 230-232 044A $aCzesi $S#0 $N653 044A $aKultura $S#0 $N653 044A $aSpołeczeństwo $S#0 $N653 044A $aŻycie codzienne $S#0 $N653 044A $aCzechy $S#2 $N653 044A $aCharakter narodowy czeski $S#0 $N653 044A $aCzechy / historia $S#2 $N653 044A $aCzechy / obyczaje i zwyczaje $S#2 $N653 044A $aCzechy / życie intelektualne $S#2 $N653 044K $RTschechin $#Czechs $#Tchèques $#Tschechen $#Tscheche $#Tschechen $#Czechs $74061083-4 $8Tschechen [Ts1] $9085169609 044K $RKulturphilosophie $RZivilisation $#Civilization $#Culture $#Civilisation $#Culture $#Cultura $#Civilización $#Kultur $#Kultur $#kulturelle Faktoren $74125698-0 $8Kultur [Tsz] $9085424803 044K $RSein $74020588-5 $8Gesellschaft [Tsz] $9085049611 044K $RPrivatleben $RLebenswelt $RAlltagskultur $#Vie pratique $#Alltagsphänomen $#Alltagsleben $#Alltagswelt $#Lebensweise Alltag $#Tägliches Leben $74001307-8 $8Alltag [Ts1] $9084994274 044K $RSelbst $RNichtidentität $RIdentitätsphilosophie $RIdentitätstheorie $#Identity (Psychology) $#Identity (Philosophical concept) $#Identité (psychologie) $#Identité (philosophie) $#Identidad $#Identität $#Identität $#Identität $74026482-8 $8Identität [Ts1] $9085066036 045F $a306.0943710902 $eDDC23BSB 045F/01 $a306.09 045F/03 $f0902 045F/03 $f0903 045F/03 $f0904 045F/03 $f0905 045F/03 $g4371 045Z $8KS 1015 [Tkv] $9409311944 lok: 51869319 24 exp: 51869319 24 1 #EPN 201B/01 $001-07-24 $t13:10:33.000 201C/01 $028-05-24 201U/01 $0utf8 203@/01 $01264325177 208@/01 $a01-07-24 $bz 209A/01 $a24.03516 $du $f050 $h24 03516 $x00 209C/01 $a24.03516 K $h24 03516 K 209G/01 $a74787061 $x00 220C/01 $akon 247C/01 $8358050-7Marburg, Bibliothek des Herder-Instituts Marburg $9102600961 lok: 51869319 78 exp: 51869319 78 1 #EPN 201B/01 $028-03-26 $t14:00:10.000 201C/01 $028-03-26 201U/01 $0utf8 203@/01 $01339167166 208@/01 $a28-03-26 $be 209A/01 $a/ $f000 $x00 209A/01 $ab*p $x01 220C/01 $apgar 244Z/01 $#Böhmische Kronländer $#Länder der Böhmischen Krone $#Sudetenland $#Böhmen $#Mähren $#Mährisch-Schlesien $#Österreichisch-Schlesien $#Tschechische Sozialistische Republik Böhmische Länder $#Tschechei Böhmische Länder $#Země koruny české $74069573-6 $8--Tg1--Böhmische Länder $x03 $9085195553 247C/01 $82080>Marburg/Lahn, Herder-Institut, Forschungsbibliothek, Bibliographieportal $9336309341
| LEADER | 00000cam a2200000 c 4500 | ||
|---|---|---|---|
| 001 | 518693198 | ||
| 003 | DE-603 | ||
| 005 | 20251204221420.0 | ||
| 007 | tu | ||
| 008 | 240528s2024 xx |||| | u00||u|cze c | ||
| 020 | |a 9788088433453 | ||
| 035 | |a (DE-599)HEB518693198 | ||
| 040 | |a DE-603 |b ger |c DE-603 |d DE-603 |e rda | ||
| 041 | |a cze | ||
| 082 | 0 | 4 | |8 1\u |a 306.0943710902 |q DE-101 |2 23/BSB |
| 084 | |a KS 1015 |0 (DE-625)83732: |0 (DE-603)409311944 |2 rvk | ||
| 085 | |8 1\u |b 306.09 | ||
| 085 | |8 1\u |z 1 |s 0902 | ||
| 085 | |8 1\u |z 1 |s 0903 | ||
| 085 | |8 1\u |z 1 |s 0904 | ||
| 085 | |8 1\u |z 1 |s 0905 | ||
| 085 | |8 1\u |z 2 |s 4371 | ||
| 100 | 1 | |a Kaczorowski, Aleksander |d 1969- |e Verfasser |4 aut |0 (DE-603)30399987X |0 (DE-588)1023914093 |2 gnd | |
| 245 | 0 | 0 | |a Czechy |b to nevymyslíš |c Aleksander Kaczorowski |
| 250 | |a Vydání první | ||
| 264 | 1 | |a Praha |b N media |c 2024 | |
| 300 | |a 234 Seiten |b Illustrationen |c 20 cm | ||
| 336 | |a Text |b txt |2 rdacontent | ||
| 337 | |a ohne Hilfsmittel zu benutzen |b n |2 rdamedia | ||
| 338 | |a Band |b nc |2 rdacarrier | ||
| 500 | |a Literaturverzeichnis: Seite 230-232 | ||
| 650 | 7 | |a Tschechen |0 (DE-588)4061083-4 |0 (DE-603)085169609 |2 gnd | |
| 650 | 7 | |a Kultur |0 (DE-588)4125698-0 |0 (DE-603)085424803 |2 gnd | |
| 650 | 7 | |a Gesellschaft |0 (DE-588)4020588-5 |0 (DE-603)085049611 |2 gnd | |
| 650 | 7 | |a Alltag |0 (DE-588)4001307-8 |0 (DE-603)084994274 |2 gnd | |
| 650 | 7 | |a Identität |0 (DE-588)4026482-8 |0 (DE-603)085066036 |2 gnd | |
| 856 | 4 | 2 | |m V:DE-603;B:DE-Mb50 |q application/pdf |u http://scans.hebis.de/HEBCGI/show.pl?51869319_toc.pdf |3 Inhaltsverzeichnis |
| 856 | 4 | 2 | |m V:DE-603;B:DE-Mb50 |q application/pdf |u http://scans.hebis.de/HEBCGI/show.pl?51869319_bib.pdf |3 Buch Bibliographie |
| 856 | 4 | 2 | |m V:DE-603;B:DE-Mb50 |q application/pdf |u http://scans.hebis.de/HEBCGI/show.pl?51869319_cov.pdf |3 Cover |
| 856 | 4 | 2 | |m V:DE-603;B:DE-Mb50 |q application/pdf |u http://scans.hebis.de/HEBCGI/show.pl?51869319_sum.pdf |3 Abstract |
| 924 | 0 | |9 Mb 50 |a (DE-603)1264325177 |b DE-Mb50 |c HES |d c |g 24.03516 | |
| 924 | 0 | |9 2080 |a (DE-603)1339167166 |b DE-2080 |c HES |d d |g / | |


